Europäische Flaggen in Schwarz-Weiß - Statistiken

Allgemein
  • Dieses Quiz wurde 96 mal gespielt
  • Das Durchschnittsergebnis liegt bei 36 aus 45
Antwortstatistiken
Bildquiz Antwort % Korrekt
Schweden
98%
Deutschland
96%
Schweiz
92%
Dänemark
89%
Kroatien
88%
Liechtenstein
88%
Slowakei
88%
Tschechien
88%
Nordmazedonien
87%
Finnland
85%
Serbien
85%
Ukraine
85%
Frankreich
83%
Norwegen
83%
Polen
83%
Vereinigtes Königreich
83%
Griechenland
82%
Island
82%
Monaco
82%
Portugal
82%
Slowenien
82%
Spanien
82%
Albanien
81%
San Marino
81%
Belgien
80%
Montenegro
80%
Russland
79%
Vatikanstadt
79%
Bosnien und Herzigowina
77%
Estland
77%
Kosovo
77%
Lettland
77%
Ungarn
77%
Andorra
76%
Italien
76%
Malta
76%
Österreich
76%
Belarus
74%
Luxemburg
74%
Irland
73%
Bulgarien
69%
Moldawien
69%
Litauen
68%
Rumänien
62%
Niederlande
55%
Keine übereinstimmenden Quizze gefunden
Verteilung der Resultate
Anzahl Personen mit jedem Resultat
Perzentil nach korrekt beantworteten Fragen
Ihre Resultats-Entwicklung
Sie haben dieses Quiz noch nicht gespielt